header

Parasitic diseases of wild mammals (Record no. 70838)

MARC details
000 -LEADER
fixed length control field 01510nam a2200373Ia 4500
245 00 - TITLE STATEMENT
Title Parasitic diseases of wild mammals
250 ## - EDITION STATEMENT
Edition statement 2nd ed.
260 ## - PUBLICATION, DISTRIBUTION, ETC. (IMPRINT)
Place of publication Ames :
Name of publisher Iowa State University Press,
Year of publication 2001.
300 ## - PHYSICAL DESCRIPTION
Number of Pages viii, 559 p. :
Other physical details ill., maps.
500 ## - GENERAL NOTE
General note Rev. ed. of: Parasitic diseases of wild animals / John William Davis. 1st ed. 1971.
650 #0 - SUBJECT ADDED ENTRY--TOPICAL TERM
Topical Term Wildlife diseases.
Topical Term Mammals
Topical Term Veterinary parasitology.
700 1# - ADDED ENTRY--PERSONAL NAME
Personal name Samuel, William M.
Personal name Kocan, A. Alan.
Personal name Pybus, Margaret Jean.
Personal name Davis, John William,
856 40 - ELECTRONIC LOCATION AND ACCESS
Uniform Resource Identifier http://site.ebrary.com/lib/rucke/Doc?id=10303366

No items available.

© 2026 Rongo University
Contact us: librarian | system librarian | Rongo university